| 000 | 00875 a2200181 4500 | ||
|---|---|---|---|
| 003 | Nust | ||
| 005 | 20170207154020.0 | ||
| 020 | _a0828400334 | ||
| 040 | _cNust | ||
| 082 | _a515 | ||
| 100 | _aJordan, Charles | ||
| 245 |
_aCalculus of finite differences (E-BOOK) _cCharles Jordan |
||
| 260 |
_aNew York _c1965 |
||
| 300 | _a672 p. | ||
| 505 | _aOn Operations. (Page-1), Functions Important In The Calculus Of Finite Differences (Page-45), Inverse Operation Of Differences And Means. Sums (Page-100), Stirling’s Numbers (Page-142),Bernoulli Polynomials And Numbers (Page-230), Expansion Of Functions, Interpolation, Construction Of Tables (Page-355), Numerical Resolution Of Equations (Page-),486 Functions Of Several Independent Variables (Page-530), Difference Equations (Page-543), Equations Of Partial Differences (Page-603). | ||
| 650 | _aCalculus | ||
| 651 | _aE-BOOK | ||
| 942 |
_2ddc _cBK |
||
| 999 |
_c191634 _d191634 |
||